000 00216nam a2200097Ia 4500
008 120527s9999 xx 000 0 und d
100 _aWilks S.
245 _aTalking about tomorrow.
260 _bPluto.
942 _cBK
999 _c18132
_d18132